00520nam a2200193 a 4500001001300000003000900013005001700022008004100039020002300080082001700103100001700120245004100137260002900178300000900207500003500216505001800251650004000269700001700309nice12345678IN_TiNIC20260116014341.0090929s2009 dela grp 000 0 eng  a9789380162065c80000a323.053bRAY aRay, Biswash aHuman Rights, Gender and Environment aDelhi bArise Pub c2009 a288p aincludes index and biblioraphy2 abiblio, index aHuman Rights and Gender Discriminat1 aRay, Biswash